|
|
|
|
| LEADER |
00000nam0a2200000 4500 |
| 001 |
77887 |
| 005 |
20231031093510.0 |
| 035 |
|
|
|a (RuTPU)RU\TPU\book\83490
|
| 090 |
|
|
|a 77887
|
| 100 |
|
|
|a 20050601d1966 m y0rusy50 ca
|
| 101 |
0 |
|
|a rus
|
| 102 |
|
|
|a RU
|
| 105 |
|
|
|a a j 001zy
|
| 200 |
1 |
|
|a Статистическая физика
|e учебное пособие
|f Я. П. Терлецкий
|
| 210 |
|
|
|a Москва
|c Высшая школа
|d 1966
|
| 215 |
|
|
|a 235 с.
|c ил.
|
| 610 |
1 |
|
|a физика
|
| 610 |
1 |
|
|a статистическая физика
|
| 610 |
1 |
|
|a квантовая статистика
|
| 610 |
1 |
|
|a равновесные состояния
|
| 610 |
1 |
|
|a статистическая механика
|
| 675 |
|
|
|a 530.1
|v 3
|
| 700 |
|
1 |
|a Терлецкий
|b Я. П.
|g Яков Петрович
|
| 801 |
|
1 |
|a RU
|b 63413507
|c 20050601
|g PSBO
|
| 801 |
|
2 |
|a RU
|b 63413507
|c 20140319
|g PSBO
|
| 942 |
|
|
|c BK
|